Assesing listening

Salvato in:
Dettagli Bibliografici
Autore principale: GARY BUCK
Natura: Libro
Lingua:Undetermined
Pubblicazione: Cambridge 2001
Tags: Aggiungi Tag
Nessun Tag, puoi essere il primo ad aggiungerne! !
Thư viện lưu trữ: Trung tâm Học liệu Trường Đại học Cần Thơ
LEADER 00359nam a2200145Ia 4500
001 CTU_49284
008 210402s9999 xx 000 0 und d
082 |a 418 
082 |b B922 
100 |a GARY BUCK 
245 0 |a Assesing listening 
245 0 |c GARY BUCK 
260 |b Cambridge 
260 |c 2001 
980 |a Trung tâm Học liệu Trường Đại học Cần Thơ